00562nam a22001817a 450000500170000001000150001702000290003203500140006103700130007508200110008810000210009924500830012025000130020326000420021627000400025830000270029850000550032520180706112222.0 aENG-123392 c330.00 a9789352833276 aEN-106924 bDBAD/PUB a658.15 aPalanivelu, V.R.00aFinancial management :cby V.R. Palanivelub(theory, problems and solutions) / a3rd edn. aNew DelhibS. Chand and Companyc2018 a7361, Ram Nagar,bNew Delhie110055 a445p.c27cm(pbk)bill. aIt include university question papers and appendix